5HLuxD.jpg

KING HENRY VIII SENIOR AND PRIMARY SCHOOL LIBRARY OPAC

Mog's missing / (Record no. 2414)

000 -LEADER
fixed length control field 01028nam a2200313 a 4500
001 - CONTROL NUMBER
control field 017102168
003 - CONTROL NUMBER IDENTIFIER
control field UkOxU
005 - DATE AND TIME OF LATEST TRANSACTION
control field 20230510084143.0
008 - FIXED-LENGTH DATA ELEMENTS--GENERAL INFORMATION
fixed length control field 060606r20062005enka j 000 1 eng
015 ## - NATIONAL BIBLIOGRAPHY NUMBER
Source bnb
National bibliography number GBA658712
020 ## - INTERNATIONAL STANDARD BOOK NUMBER
International Standard Book Number 9780141500249 (pbk.) :
035 ## - SYSTEM CONTROL NUMBER
System control number (IeDuTC)b15388742
035 ## - SYSTEM CONTROL NUMBER
System control number (UkLCURL)08b15388742
038 ## - RECORD CONTENT LICENSOR
Record content licensor Uk
040 ## - CATALOGING SOURCE
Original cataloging agency StDuBDS
Language of cataloging eng
Transcribing agency StDuBDS
Modifying agency KH8
049 ## - LOCAL HOLDINGS (OCLC)
Local processing data b
082 04 - DEWEY DECIMAL CLASSIFICATION NUMBER
Classification number 823.914 NIC
Edition number 22
100 1# - MAIN ENTRY--PERSONAL NAME
Personal name Nicoll, Helen.
Relator term Author
245 10 - TITLE STATEMENT
Title Mog's missing /
Statement of responsibility, etc. Helen Nicoll and Jan Pieńkowski.
260 ## - PUBLICATION, DISTRIBUTION, ETC.
Place of publication, distribution, etc. London :
Name of publisher, distributor, etc. Puffin,
Date of publication, distribution, etc. 2006.
300 ## - PHYSICAL DESCRIPTION
Extent 32 p. :
Other physical details chiefly col. ill. ;
Dimensions 21 cm.
500 ## - GENERAL NOTE
General note Originally published: 2005.
650 #0 - SUBJECT ADDED ENTRY--TOPICAL TERM
Topical term or geographic name entry element Meg (Fictitious character : Nicoll)
Form subdivision Pictorial works
-- Juvenile fiction.
650 #0 - SUBJECT ADDED ENTRY--TOPICAL TERM
Topical term or geographic name entry element Mog (Fictitious character : Nicoll)
Form subdivision Pictorial works
-- Juvenile fiction.
650 #0 - SUBJECT ADDED ENTRY--TOPICAL TERM
Topical term or geographic name entry element Witches
Form subdivision Pictorial works
-- Juvenile fiction.
655 #0 - INDEX TERM--GENRE/FORM
Genre/form data or focus term Children's stories
Form subdivision Pictorial works.
700 1# - ADDED ENTRY--PERSONAL NAME
Personal name Pieńkowski, Jan.
Relator term Author
942 ## - ADDED ENTRY ELEMENTS (KOHA)
Source of classification or shelving scheme
Koha item type Books - Fiction
Holdings
Withdrawn status Lost status Source of classification or shelving scheme Damaged status Not for loan Collection code Permanent Location Current Location Shelving location Date acquired Total Checkouts Total Renewals Full call number Barcode Date last seen Date last checked out Price effective from Koha item type
          Fiction KH8 Primary School Library KH8 Primary School Library Non Fiction 2023-05-10 16 2 823.914 NIC KHPL000004164 2025-12-05 2025-11-11 2023-05-10 Books - Fiction

Powered By KH8 IT Dept